|
|
|
|
| LEADER |
00000ny a22000003n 4500 |
| 005 |
20110517141951.0 |
| 008 |
100322c199u9999mx fr p g f0 0spa |
| 022 |
|
|
|a 1405-8073
|
| 022 |
|
|
|a 1475-8073
|
| 035 |
|
|
|a 4800
|
| 040 |
|
|
|a DLC
|c DLC
|d vLex
|
| 090 |
|
|
|c 2040
|d 2040
|
| 245 |
0 |
0 |
|a Revista del Instituto de la Judicatura Federal
|h [Recurso electrn̤ico]
|
| 256 |
|
|
|a Servicio en ln̕ea
|
| 260 |
|
|
|a Mx̌ico, D.F. :
|b Instituto de la Judicatura Federal
|
| 310 |
|
|
|a Bimestral
|
| 506 |
1 |
|
|a Contenido solo disponible en los productos indicados
|d vLex Global
|d vLex Global (Academic Edition, excluding Law Schools)
|d vLex Global (U.S. Academic Edition, Law Schools)
|d vLex Global (U.S. Academic Edition, excluding Law Schools)
|d vLex Global (Academic Edition, Law Schools)
|
| 650 |
0 |
4 |
|a Organizacin̤ judicial
|2 Tesauro vLex
|
| 650 |
0 |
4 |
|a Administracin̤ de justicia
|2 Tesauro vLex
|
| 650 |
0 |
4 |
|a Procesal
|2 Tesauro vLex
|
| 710 |
2 |
|
|a Instituto de la Judicatura Federal (Mexico)
|
| 740 |
0 |
|
|a vLex Revista (Servicios en ln̕ea)
|
| 843 |
|
|
|a Electrn̤ica. Abierta
|
| 853 |
|
|
|8 1
|i (year)
|j (month)
|k (day)
|
| 856 |
4 |
0 |
|u http://vlex.com/source/4800
|z Acceso restringido
|
| 942 |
|
|
|c REV
|
| 999 |
|
0 |
|a Justice, Administration of
|z Mexico
|v Periodicals.
|
| 999 |
|
0 |
|a Instituto de la Judicatura Federal (Mexico)
|v Periodicals.
|